Equilibrium thermodynamics for engineers and scientists (Record no. 67326)

000 -LEADER
fixed length control field 00489nam a22001817a 4500
003 - CONTROL NUMBER IDENTIFIER
control field NUST - PNEC
005 - DATE AND TIME OF LATEST TRANSACTION
control field 20170116181019.0
008 - FIXED-LENGTH DATA ELEMENTS--GENERAL INFORMATION
fixed length control field 150915b xxu||||| |||| 00| 0 eng d
020 ## - INTERNATIONAL STANDARD BOOK NUMBER
International Standard Book Number 0471276316
020 ## - INTERNATIONAL STANDARD BOOK NUMBER
International Standard Book Number 0471276308
040 ## - CATALOGING SOURCE
Transcribing agency LIBRARY
082 ## - DEWEY DECIMAL CLASSIFICATION NUMBER
Classification number 536.7 HAY
100 ## - MAIN ENTRY--PERSONAL NAME
9 (RLIN) 10523
Personal name Haywood, R. W.
245 ## - TITLE STATEMENT
Title Equilibrium thermodynamics for engineers and scientists
Statement of responsibility, etc. R. W. Haywood
260 ## - PUBLICATION, DISTRIBUTION, ETC.
Date of publication, distribution, etc. c.1980
650 ## - SUBJECT ADDED ENTRY--TOPICAL TERM
9 (RLIN) 10522
Topical term or geographic name entry element Thermodynamic equilibrium
General subdivision ME
942 ## - ADDED ENTRY ELEMENTS (KOHA)
Source of classification or shelving scheme
Koha item type Book
Holdings
Withdrawn status Lost status Source of classification or shelving scheme Damaged status Not for loan Permanent Location Current Location Shelving location Date acquired Total Checkouts Full call number Barcode Date last seen Price effective from Koha item type
          Pakistan Navy Engineering College (PNEC) Pakistan Navy Engineering College (PNEC)       536.7 HAY PNECLIB-018991 09/15/2015   Book
© 2023 Central Library, National University of Sciences and Technology. All Rights Reserved.